[Event "Camp. britannico 2008"]
[Site "Liverpool ING"]
[Date "2008.08.05"]
[Round "8"]
[White "Zhou, Y."]
[Black "Pert, N."]
[Result "1-0"]
[WhiteElo "2259"]
[BlackElo "2547"]
[PlyCount "103"]
[EventDate "2008.07.28"]
[Source "www.chesslib.no"]
[SourceDate "2004.05.04"]

1. e4 e6 2. Nc3 d5 3. Nf3 d4 4. Ne2 c5 5. Ng3 Nc6 6. Bc4 g6 7. O-O Bg7 8. a3 h5 9. Ne2 h4 10. h3 e5 11. d3 Bh6 12. b4 Qe7 13. bxc5 Be6 14. Bxe6 Qxe6 15. c3 Bxc1 16. cxd4 Bh6 17. d5 Qe7 18. dxc6 bxc6 19. Qa4 Rc8 20. Qa6 Rc7 21. Rab1 Kf8 22. Qa5 Nf6 23. Nxh4 Kg7 24. Nf3 Rd7 25. Qc3 Re8 26. g4 Nh7 27. h4 Kg8 28. Ng3 Bf4 29. Kg2 Nf8 30. Rh1 Red8 31. Rbd1 Ne6 32. Nxe5 Qf6 33. d4 Rxd4 34. Rxd4 Nxd4 35. Nf3 Be5 36. Nxe5 Qxe5 37. Rd1 Kh7 38. f4 Qh8 39. g5 Ne6 40. Qxh8+ Rxh8 41. f5 gxf5 42. exf5 Nf4+ 43. Kf3 Nd5 44. Rb1 Re8 45. Rb7 Re3+ 46. Kg4 Kg8 47. Rxa7 Rc3 48. g6 Rc4+ 49. Kg5 f6+ 50. Kh6 Rxh4+ 51. Nh5 Kf8 52. g7+ 1-0

[Event "Lindsborg (open)"]
[Site "?"]
[Date "2004.12.21"]
[Round "8"]
[White "Shivaji Shivkumar"]
[Black "Shulman Yuri"]
[Result "0-1"]
[WhiteElo "2257"]
[BlackElo "2549"]
[PlyCount "90"]
[EventDate "2004.??.??"]
[Source "www.chesslib.no"]
[SourceDate "2004.05.04"]

1. e4 e6 2. Nc3 d5 3. Nf3 d4 4. Ne2 c5 5. c3 Nc6 6. cxd4 Nf6 7. e5 Nd7 8. dxc5 Ndxe5 9. Nxe5 Nxe5 10. d4 Bxc5 11. Be3 Bb4+ 12. Nc3 Nc6 13. Be2 Qa5 14. O-O Bxc3 15. bxc3 Qxc3 16. d5 exd5 17. Rc1 Qa5 18. Bc5 Be6 19. Qb3 O-O-O 20. Rb1 b6 21. Bb5 Kb7 22. Bxc6+ Kxc6 23. Bb4 Qa6 24. a4 Kb7 25. a5 b5 26. Qg3 g6 27. Rfc1 Rc8 28. Qh4 h5 29. h3 Rhe8 30. Qf6 Ka8 31. Bc5 Rc6 32. Rc3 Rec8 33. Rbc1 Qxa5 34. Bb4 Qb6 35. Ra1 Rc4 36. Rca3 Rc1+ 37. Kh2 Rxa1 38. Rxa1 Rc4 39. Bd2 b4 40. Bf4 b3 41. Qe5 Rxf4 42. Qxf4 b2 43. Rb1 Bf5 44. Re1 b1=Q 45. Re8+ Qb8 0-1

[Event "CRO Ch"]
[Site "Pula CRO"]
[Date "1996.??.??"]
[Round "?"]
[White "Jurkovic, Hrvoje"]
[Black "Rogulj, Branko"]
[Result "0-1"]
[WhiteElo "2390"]
[BlackElo "2415"]
[PlyCount "90"]
[EventDate "1996.??.??"]
[Source "www.chesslib.no"]
[SourceDate "2004.05.04"]

1. e4 e6 2. Nc3 d5 3. Nf3 Nf6 4. e5 Ne4 5. d3 Nxc3 6. bxc3 c5 7. g3 Nc6 8. Bg2 Be7 9. O-O O-O 10. h4 f6 11. exf6 Bxf6 12. d4 Qa5 13. Qd3 c4 14. Qe3 Bd7 15. g4 Rae8 16. g5 Bd8 17. Bh3 Bc7 18. Kg2 Bd6 19. Ng1 Bf4 20. Qe1 Qc7 21. Bxf4 Rxf4 22. Ne2 Rxh4 23. f4 Rxh3 24. Kxh3 e5+ 25. Kg2 exf4 26. Qf2 Qd8 27. Nxf4 Qxg5+ 28. Qg3 Bg4 29. Rae1 Rxe1 30. Rxe1 h5 31. Ne6 Qg6 32. Nf4 Qxc2+ 33. Kg1 Qf5 34. Ng2 Kh7 35. Ne3 Qd3 36. Qh4 Qxc3 37. Nxg4 Qxd4+ 38. Kg2 Qxg4+ 39. Qxg4 hxg4 40. Kg3 d4 41. Rd1 b5 42. Kxg4 Nb4 43. a3 Nc2 44. Kf4 Nxa3 45. Ke4 Nc2 0-1

[Event "CRO-chT"]
[Site "?"]
[Date "1997.??.??"]
[Round "?"]
[White "Rogulj Branko"]
[Black "Sulava Nenad"]
[Result "1-0"]
[WhiteElo "2425"]
[BlackElo "2380"]
[PlyCount "131"]
[EventDate "1997.??.??"]
[Source "www.chesslib.no"]
[SourceDate "2004.05.04"]

1. e4 e6 2. Nc3 d5 3. d3 Bb4 4. Bd2 d4 5. Nb1 Bxd2+ 6. Nxd2 e5 7. Ngf3 f6 8. c3 Nc6 9. cxd4 Nxd4 10. Nxd4 Qxd4 11. Rc1 c6 12. Qb3 Ne7 13. Be2 Qb6 14. Qa3 a5 15. Bh5+ g6 16. Bd1 Be6 17. Bb3 Bxb3 18. Qxb3 Qxb3 19. Nxb3 a4 20. Nd2 b5 21. Ke2 O-O-O 22. b3 axb3 23. Nxb3 Kc7 24. Rc2 Ra8 25. d4 exd4 26. Nxd4 Kb6 27. Rhc1 Rhc8 28. Ne6 Ra3 29. Rd1 Rca8 30. Rdd2 f5 31. f3 fxe4 32. fxe4 Re8 33. Kf2 Nc8 34. Nc5 Ra7 35. Kf3 Rf7+ 36. Kg3 Na7 37. a4 bxa4 38. Nxa4+ Kc7 39. Nc5 Nb5 40. Rc4 Re5 41. h4 Rfe7 42. Kf4 h6 43. Rd7+ Rxd7 44. Kxe5 Rd2 45. g3 Rg2 46. Na6+ Kb6 47. Nb4 Na7 48. Rc3 Kb5 49. Nc2 c5 50. Kf6 Nc6 51. Kxg6 Nd4 52. Ne1 Rg1 53. Re3 c4 54. e5 Ne6 55. Kf7 Nc7 56. e6 Rf1+ 57. Nf3 Kb4 58. e7 c3 59. e8=Q Nxe8 60. Kxe8 c2 61. Ne1 c1=Q 62. Nd3+ Kc4 63. Nxc1 Rxc1 64. Kf7 Kd4 65. Re6 Rc3 66. g4 1-0

[Event "Bundesliga 8485"]
[Site "Germany"]
[Date "1985.??.??"]
[Round "?"]
[White "Bastian, Herbert"]
[Black "Reefschlaeger, Helmut"]
[Result "0-1"]
[WhiteElo "2375"]
[BlackElo "2425"]
[PlyCount "82"]
[EventDate "1984.10.??"]
[Source "ChessBase"]
[SourceDate "1999.07.01"]

1. e4 e6 2. Nc3 d5 3. g3 dxe4 4. Nxe4 Bd7 5. Nf3 Bc6 6. Qe2 Nf6 7. d3 Be7 8. Bg2 O-O 9. O-O Nbd7 10. Nd4 Bxe4 11. dxe4 c6 12. e5 Nd5 13. c4 N5b6 14. b3 Qc7 15. Bf4 Rfd8 16. h4 Nf8 17. Nf3 Nbd7 18. Ng5 Ng6 19. Be4 Bxg5 20. Bxg5 Re8 21. f4 h6 22. h5 Ngxe5 23. Bxh6 gxh6 24. fxe5 Qxe5 25. Qg4+ Qg5 26. Bh7+ Kg7 27. Qxg5+ hxg5 28. h6+ Kf8 29. Rae1 Ke7 30. Bc2 Rh8 31. h7 Nf8 32. Re5 Nxh7 33. Bxh7 Rxh7 34. Rxg5 Rah8 35. Rf3 Rh1+ 36. Kf2 R8h7 37. Rg8 Ra1 38. a4 Rb1 39. Rd3 Rh2+ 40. Ke3 Rhb2 41. Ra8 a6 0-1

[Event "SUI-ch"]
[Site "?"]
[Date "1999.??.??"]
[Round "8"]
[White "Kamber Bruno"]
[Black "Kelecevic Nedeljko"]
[Result "1/2-1/2"]
[WhiteElo "2385"]
[BlackElo "2410"]
[PlyCount "77"]
[EventDate "1999.??.??"]
[Source "www.chesslib.no"]
[SourceDate "2004.05.04"]

1. e4 e6 2. Nc3 d5 3. g3 dxe4 4. Nxe4 Bd7 5. Nf3 Bc6 6. Qe2 Bxe4 7. Qxe4 c6 8. Bg2 Nf6 9. Qe2 Be7 10. O-O O-O 11. Re1 a5 12. d3 Nbd7 13. Bd2 Qc7 14. Rad1 Rfe8 15. Ng5 h6 16. Ne4 Nxe4 17. dxe4 e5 18. Bxh6 Nf6 19. Bc1 Rad8 20. Bf3 Rxd1 21. Rxd1 Rd8 22. Kg2 Rxd1 23. Qxd1 Bc5 24. h4 Bd4 25. c3 Bc5 26. g4 Nd7 27. g5 Nf8 28. Bg4 Ng6 29. h5 Nf4+ 30. Bxf4 exf4 31. g6 Qe7 32. Kf3 Qh4 33. gxf7+ Kf8 34. Qd2 g6 35. hxg6 Qh1+ 36. Ke2 Qxe4+ 37. Kf1 Qh1+ 38. Ke2 Qe4+ 39. Kf1 1/2-1/2

[Event "Quito Copa Saeta 1st"]
[Site "?"]
[Date "1997.??.??"]
[Round "9"]
[White "Moreno Alejandro"]
[Black "Rojas Luis"]
[Result "1/2-1/2"]
[WhiteElo "2400"]
[BlackElo "2390"]
[PlyCount "66"]
[EventDate "1997.??.??"]
[Source "www.chesslib.no"]
[SourceDate "2004.05.04"]

1. e4 e6 2. Nc3 d5 3. Nf3 d4 4. Ne2 c5 5. c3 Nc6 6. cxd4 cxd4 7. Qa4 b5 8. Qxb5 Bd7 9. Ne5 Rc8 10. Nxd7 Qxd7 11. Ng3 Rb8 12. Qa4 Rb4 13. Qc2 h5 14. h4 Bd6 15. a3 Rb6 16. d3 Nf6 17. Be2 Ng4 18. Nxh5 Rxh5 19. Bxg4 Rc5 20. Qd1 a5 21. O-O Qe7 22. g3 Ne5 23. Bh3 Qc7 24. f4 Nd7 25. Rf2 Qb8 26. b4 Rc8 27. e5 Bf8 28. Bd2 axb4 29. Bxb4 Bxb4 30. axb4 Rxb4 31. Bg2 Rb2 32. Rxb2 Qxb2 33. Rb1 Qa2 1/2-1/2

[Event "CZE Team Ch 9596"]
[Site "Czech Republic"]
[Date "1996.??.??"]
[Round "11"]
[White "Vavra, Pavel"]
[Black "Koutsin, Sergey"]
[Result "1-0"]
[WhiteElo "2350"]
[BlackElo "2435"]
[PlyCount "69"]
[EventDate "1995.??.??"]
[Source "www.chesslib.no"]
[SourceDate "2004.05.04"]

1. e4 e6 2. Nc3 d5 3. g3 d4 4. Nce2 e5 5. d3 f5 6. Bg2 Nc6 7. exf5 Bxf5 8. f4 exf4 9. Nxf4 Nf6 10. Qe2+ Kf7 11. Bd2 Bb4 12. O-O-O Re8 13. Qf1 Bxd2+ 14. Rxd2 Kg8 15. h3 Qd6 16. Nge2 Be6 17. Nxe6 Qxe6 18. Kb1 Rad8 19. Nf4 Qe3 20. Re2 Qxg3 21. Ne6 Rd7 22. Rg1 Qh4 23. Bxc6 bxc6 24. Qf3 Rde7 25. Qxc6 Kh8 26. a3 Qh6 27. Rge1 Qxh3 28. Qc4 Qg4 29. Ng5 Qxg5 30. Rxe7 Rxe7 31. Rxe7 Qg1+ 32. Ka2 h5 33. Qf7 h4 34. Qf8+ Kh7 35. Qxf6 1-0

[Event "Winter Open"]
[Site "Belgrade SRB"]
[Date "2008.01.28"]
[Round "7"]
[White "Velickovic, Sa"]
[Black "Govedarica, R."]
[Result "1/2-1/2"]
[WhiteElo "2401"]
[BlackElo "2382"]
[PlyCount "20"]
[EventDate "2008.01.22"]
[Source "www.chesslib.no"]
[SourceDate "2004.05.04"]

1. e4 e6 2. Nc3 d5 3. Nf3 dxe4 4. Nxe4 Bd7 5. d4 Bc6 6. Bd3 Nd7 7. O-O Ngf6 8. Nxf6+ Nxf6 9. c3 Bxf3 10. Qxf3 c6 1/2-1/2

[Event "Neu Isenburg Open"]
[Site "Neu Isenburg"]
[Date "1992.04.26"]
[Round "11"]
[White "Bartsch, Berthold"]
[Black "Paehtz, Thomas sr"]
[Result "1/2-1/2"]
[WhiteElo "2285"]
[BlackElo "2495"]
[PlyCount "92"]
[EventDate "1992.04.24"]
[Source "www.chesslib.no"]
[SourceDate "2004.05.04"]

1. e4 e6 2. Nc3 d5 3. g3 dxe4 4. Nxe4 Bd7 5. Nf3 Bc6 6. Qe2 Nf6 7. Nxf6+ Qxf6 8. Bg2 Nd7 9. O-O Bc5 10. Rd1 Bxf3 11. Qxf3 c6 12. Qxf6 Nxf6 13. d4 Bb6 14. c3 h6 15. Bf3 g5 16. b3 O-O-O 17. a4 g4 18. Bg2 a5 19. Ba3 Rd7 20. Re1 h5 21. Re2 Rhd8 22. Rc1 Bc7 23. Kf1 Nd5 24. Re4 Re8 25. h3 f5 26. Re2 e5 27. hxg4 hxg4 28. Bxd5 Rxd5 29. dxe5 Rexe5 30. Rxe5 Bxe5 31. Ke2 Kc7 32. c4 Rd4 33. Bc5 Re4+ 34. Kd3 Bd6 35. Be3 Re7 36. Rh1 Rf7 37. Rh6 c5 38. Bd2 b6 39. Be3 Kd7 40. Rh8 Kc7 41. Ke2 Kc6 42. Rh6 Kc7 43. Rg6 Be5 44. Rh6 Bd6 45. Rh8 Be5 46. Rh6 Bd6 1/2-1/2

[Event "Biel"]
[Site "?"]
[Date "1979.08.08"]
[Round "11"]
[White "Cuartas Carlos Enrique"]
[Black "Huss Andreas"]
[Result "1/2-1/2"]
[WhiteElo "2425"]
[BlackElo "2355"]
[PlyCount "153"]
[EventDate "1979.??.??"]
[Source "www.chesslib.no"]
[SourceDate "2004.05.04"]

1. e4 e6 2. Nc3 d5 3. Nf3 d4 4. Ne2 c5 5. d3 Nc6 6. g3 e5 7. Bg2 Be7 8. O-O h5 9. c4 h4 10. b4 cxb4 11. a3 bxa3 12. Qa4 Bd7 13. Bxa3 Bxa3 14. Qxa3 Bg4 15. Qb2 Bxf3 16. Bxf3 Qd7 17. Rfb1 hxg3 18. hxg3 Rb8 19. Qb5 Nf6 20. Rxa7 O-O 21. Ra2 g6 22. Kg2 Kg7 23. Rh1 Rh8 24. Rxh8 Rxh8 25. Ng1 Qe7 26. Be2 Rb8 27. Ra1 Nd7 28. Nf3 Nc5 29. Rh1 Rh8 30. Rxh8 Kxh8 31. Qb1 Kg7 32. Qc1 Nd8 33. Qa3 Qd6 34. Qa8 Nde6 35. Qc8 f6 36. Nh4 Qd8 37. Qxd8 Nxd8 38. Kf1 Nc6 39. Ke1 Kf7 40. Kd2 Nb4 41. Nf3 Nc6 42. Nh4 Kg7 43. Bg4 Kh6 44. Bd1 Ne7 45. Nf3 b6 46. Be2 Kg7 47. Bf1 Nc6 48. Nh4 Kh6 49. Be2 Ne7 50. Nf3 Nd7 51. Kc2 Nc6 52. Nh4 Kg7 53. Kb3 Nc5+ 54. Ka3 Kh6 55. f4 exf4 56. gxf4 g5 57. Nf5+ Kg6 58. fxg5 fxg5 59. Nd6 Ne5 60. Nf5 Ncxd3 61. Bxd3 Nxd3 62. Nxd4 g4 63. Ne2 Kf6 64. Ka4 Ke5 65. Kb5 Nb2 66. Ng3 Kd4 67. e5 Kxe5 68. c5 bxc5 69. Kxc5 Nd3+ 70. Kc4 Nf2 71. Nh5 Nh3 72. Kc3 Nf4 73. Ng3 Ne6 74. Kd2 Kf4 75. Nf1 Nd4 76. Ke1 Nf5 77. Kf2 1/2-1/2

[Event "Bad Wiessee (28.10.-04.11)"]
[Site "?"]
[Date "2000.11.04"]
[Round "8"]
[White "Heimrath Reiner"]
[Black "Bunzmann Dimitrij"]
[Result "0-1"]
[WhiteElo "2294"]
[BlackElo "2484"]
[PlyCount "96"]
[EventDate "2000.??.??"]
[Source "www.chesslib.no"]
[SourceDate "2004.05.04"]

1. e4 e6 2. Nc3 d5 3. Nf3 Nf6 4. Qe2 Be7 5. d3 d4 6. Nd1 c5 7. g3 Nc6 8. Bg2 h6 9. a4 g5 10. Nd2 e5 11. Nc4 Be6 12. f3 Qc7 13. Nf2 Rg8 14. Bh3 Bxh3 15. Nxh3 g4 16. fxg4 Nxg4 17. Nf2 h5 18. Nxg4 hxg4 19. O-O f6 20. Bd2 O-O-O 21. Rf5 Qd7 22. a5 Rg7 23. Rh5 Qe8 24. Rh6 Kc7 25. Rf1 Rg6 26. Rh4 Qg8 27. Rf5 Rg7 28. Qf1 b5 29. axb6+ axb6 30. Rh6 Rg6 31. Rfh5 Rxh6 32. Rxh6 b5 33. Na5 Qa2 34. Rh7 Rd7 35. Nxc6 Kxc6 36. Qc1 Ra7 37. Rh5 Qa1 38. Rf5 c4 39. Rf1 Qxc1 40. Bxc1 Ra2 41. Rf2 Kd7 42. Kg2 Ke6 43. dxc4 bxc4 44. c3 Bc5 45. cxd4 exd4 46. Rf5 Ba7 47. Rb5 c3 48. Rb3 Ra1 0-1

[Event "Pardubice Open"]
[Site "Pardubice CZE"]
[Date "1995.??.??"]
[Round "?"]
[White "Vavra, Pavel"]
[Black "Totsky, Leonid"]
[Result "1/2-1/2"]
[WhiteElo "2320"]
[BlackElo "2455"]
[PlyCount "97"]
[EventDate "1995.07.??"]
[Source "www.chesslib.no"]
[SourceDate "2004.05.04"]

1. e4 e6 2. Nc3 d5 3. g3 Nf6 4. e5 Nfd7 5. f4 c5 6. Nf3 Nc6 7. Bg2 a6 8. a4 Be7 9. O-O O-O 10. d3 Nd4 11. Ne2 Nxf3+ 12. Bxf3 f6 13. c4 fxe5 14. cxd5 exd5 15. Bxd5+ Kh8 16. f5 Nf6 17. Bg2 Qb6 18. a5 Qc7 19. Nc3 Bd7 20. Bg5 Bc6 21. Bxf6 gxf6 22. Nd5 Qd6 23. Nxe7 Qxe7 24. Bxc6 bxc6 25. Qc2 Rab8 26. Rfc1 Rb5 27. Ra4 Rd8 28. Rc4 Rd5 29. Qd2 Qd6 30. R1c3 Rb4 31. Qe3 Rxc4 32. Rxc4 Rxd3 33. Qxc5 Qxc5+ 34. Rxc5 Rd6 35. Rc4 Kg7 36. Rb4 Rd5 37. Rb7+ Kh6 38. h4 e4 39. g4 e3 40. Kg2 Re5 41. Kf1 Re4 42. Rf7 Rxg4 43. Rxf6+ Kh5 44. Rxc6 Rf4+ 45. Ke2 Rxf5 46. Rxa6 Rf2+ 47. Kxe3 Rxb2 48. Kd3 Ra2 49. Kc4 1/2-1/2

[Event "Oberwart op"]
[Site "?"]
[Date "1996.??.??"]
[Round "3"]
[White "Holzer Gerhard"]
[Black "Gleizerov Evgeny"]
[Result "0-1"]
[WhiteElo "2230"]
[BlackElo "2545"]
[PlyCount "76"]
[EventDate "1996.??.??"]
[Source "www.chesslib.no"]
[SourceDate "2004.05.04"]

1. e4 e6 2. Nc3 d5 3. Nf3 Nf6 4. exd5 exd5 5. d4 Be7 6. Be2 O-O 7. O-O h6 8. Bf4 Bf5 9. Rc1 Re8 10. Ne5 c6 11. g4 Bh7 12. Kh1 Nbd7 13. Nd3 Nf8 14. Qd2 Ne6 15. Be5 Ne4 16. Qd1 f6 17. Nf4 Nf8 18. Nxe4 fxe5 19. dxe5 Bxe4+ 20. f3 Bh7 21. Nh5 Ne6 22. Bd3 Rf8 23. Bxh7+ Kxh7 24. f4 d4 25. Qd3+ g6 26. f5 Qd5+ 27. Kg1 Bg5 28. fxg6+ Kh8 29. c4 Qxe5 30. Rce1 Be3+ 31. Kh1 Ng7 32. Ng3 Qe6 33. Qa3 Rxf1+ 34. Rxf1 Qxg6 35. Qe7 Re8 36. Qxb7 d3 37. Qd7 d2 38. Nf5 Qxg4 0-1

[Event "Slovaquie (championnat equipes)"]
[Site "?"]
[Date "2003.??.??"]
[Round "1.2"]
[White "Vavra Pavel"]
[Black "Peterson Eric"]
[Result "1-0"]
[WhiteElo "2387"]
[BlackElo "2374"]
[PlyCount "119"]
[EventDate "2003.??.??"]
[Source "www.chesslib.no"]
[SourceDate "2004.05.04"]

1. e4 e6 2. Nc3 d5 3. g3 dxe4 4. Nxe4 Nf6 5. Nxf6+ Qxf6 6. Bg2 Bc5 7. Nf3 Nc6 8. O-O O-O 9. d3 e5 10. Re1 Bg4 11. h3 Bh5 12. g4 Bg6 13. Bd2 Rfe8 14. Bc3 h5 15. Qd2 hxg4 16. hxg4 Rad8 17. Qg5 Qxg5 18. Nxg5 Nd4 19. Bxd4 Bxd4 20. Bxb7 Bxb2 21. Rab1 Bc3 22. Re2 f6 23. Be4 Bxe4 24. Nxe4 Ba5 25. Rb3 Rb8 26. c4 Rxb3 27. axb3 Bb4 28. d4 Kf7 29. d5 g6 30. Re3 Kg7 31. g5 f5 32. Nf6 Re7 33. Rh3 Bd2 34. Rh7+ Kf8 35. Rh8+ Kf7 36. Rh7+ Kf8 37. Nd7+ Ke8 38. Rxe7+ Kxe7 39. Nxe5 Bxg5 40. Nc6+ Kd6 41. Nxa7 Bf4 42. Nc6 Kc5 43. Kf1 Bg5 44. Ke2 Bf6 45. Kd3 g5 46. f3 Kd6 47. b4 Bg7 48. Nd4 Ke5 49. Ne6 Bf6 50. Nxc7 Kf4 51. Ke2 g4 52. fxg4 fxg4 53. d6 Ke4 54. b5 g3 55. b6 Bd4 56. d7 g2 57. d8=Q g1=Q 58. Qd5+ Kf4 59. Ne6+ Kg4 60. Qxd4+ 1-0

[Event "Wch U20"]
[Site "Santiago CHI"]
[Date "1990.??.??"]
[Round "7"]
[White "Mitkov, Nikola"]
[Black "Gdanski, Jacek"]
[Result "0-1"]
[WhiteElo "2330"]
[BlackElo "2430"]
[PlyCount "60"]
[EventDate "1990.08.??"]
[Source "www.chesslib.no"]
[SourceDate "2004.05.04"]

1. e4 e6 2. Nc3 d5 3. f4 dxe4 4. Nxe4 Nf6 5. Nxf6+ Qxf6 6. d4 c5 7. Nf3 cxd4 8. Qxd4 Nc6 9. Qxf6 gxf6 10. Bd2 Bd7 11. O-O-O Rg8 12. g3 Rc8 13. Bg2 Nb4 14. Bxb4 Bxb4 15. Nd4 Rc7 16. Rd3 Ke7 17. Rhd1 Rgc8 18. Rb3 a5 19. Re3 Ba4 20. Be4 Kf8 21. g4 h6 22. Nb3 b6 23. Bd3 Bc6 24. Rh3 Bd6 25. f5 Bg2 26. Rh5 Bf4+ 27. Kb1 e5 28. Nd2 Rd8 29. Rg1 Bxd2 30. Rxg2 Rxd3 0-1

[Event "London Aaronson"]
[Site "London"]
[Date "1978.??.??"]
[Round "1"]
[White "Diesen, Mark C"]
[Black "MacPherson, HD."]
[Result "1-0"]
[WhiteElo "2440"]
[BlackElo "2315"]
[PlyCount "39"]
[EventDate "1978.03.??"]
[Source "ChessBase"]

1. e4 e6 2. Nc3 d5 3. Nf3 Bb4 4. e5 Ne7 5. a3 Bxc3 6. dxc3 b6 7. Qd4 Nf5 8. Qf4 Qd7 9. Bd3 Ba6 10. Bxf5 exf5 11. Nd4 Nc6 12. Qxf5 Qxf5 13. Nxf5 O-O-O 14. Bf4 f6 15. exf6 Rhe8+ 16. Be3 gxf6 17. O-O-O Ne5 18. Rhe1 c5 19. Bh6 Kc7 20. Ng7 1-0

[Event "IX Foxwoods Open"]
[Site "Mashantucket USA"]
[Date "2007.04.07"]
[Round "6"]
[White "Onyekwere, Chikwer"]
[Black "Bradford, Joseph M"]
[Result "1/2-1/2"]
[WhiteElo "2267"]
[BlackElo "2475"]
[PlyCount "40"]
[EventDate "2007.04.04"]
[Source "www.chesslib.no"]
[SourceDate "2004.05.04"]

1. e4 e6 2. Nc3 d5 3. f4 dxe4 4. Nxe4 Nd7 5. Nf3 Ngf6 6. d3 b6 7. g3 Bb7 8. Qe2 Be7 9. Bg2 O-O 10. O-O c5 11. b3 Qc7 12. Bb2 Nxe4 13. dxe4 c4 14. Rad1 Rfd8 15. Ne5 cxb3 16. cxb3 Rac8 17. Nxd7 Rxd7 18. Rxd7 Qxd7 19. Rd1 Qc6 20. h3 Bf8 1/2-1/2

[Event "IM Riviera"]
[Site "Opatija"]
[Date "2003.??.??"]
[Round "10"]
[White "Jurkovic, Hrvoje"]
[Black "Rasic, Damir"]
[Result "0-1"]
[WhiteElo "2401"]
[BlackElo "2337"]
[PlyCount "71"]
[EventDate "2003.05.02"]
[Source "Roberto Alvarez"]
[SourceDate "2003.05.12"]

1. e4 e6 2. Nc3 d5 3. Nf3 Nf6 4. e5 Ne4 5. Ne2 Bc5 6. d4 Be7 7. Ng3 c5 8. Bd3 Qa5+ 9. c3 cxd4 10. Nxd4 Qc7 11. f4 Nc5 12. Bc2 g6 13. Be3 Bd7 14. b4 Nca6 15. Qd2 Nc6 16. O-O Nxd4 17. Bxd4 Bb5 18. Rf2 h5 19. Nf1 Bxf1 20. Rfxf1 Nb8 21. Ba4+ Nd7 22. Rac1 O-O-O 23. Qe3 Nb6 24. Bb5 Nc4 25. Bxc4 dxc4 26. Bxa7 Rd3 27. Qf2 Qd7 28. Bd4 Bxb4 29. Qb2 Be7 30. Rb1 Qc6 31. Qf2 Rd8 32. Rb6 Qd5 33. Rfb1 Rxc3 34. h3 Qxd4 35. Qxd4 Rxd4 36. Rxb7 0-1

[Event "BL2-Ost 0102"]
[Site "?"]
[Date "2001.10.07"]
[Round "1.5"]
[White "Bartsch Berthold"]
[Black "Euler Gerd"]
[Result "0-1"]
[WhiteElo "2324"]
[BlackElo "2413"]
[PlyCount "156"]
[EventDate "2001.??.??"]
[Source "www.chesslib.no"]
[SourceDate "2004.05.04"]

1. e4 e6 2. Nc3 d5 3. g3 Nf6 4. Bg2 Be7 5. d3 Nc6 6. f4 d4 7. Nce2 Ng4 8. a3 h5 9. h3 Nf6 10. Nf3 Bc5 11. b4 Bb6 12. b5 Ne7 13. Bb2 c5 14. O-O Ng6 15. a4 h4 16. g4 Bc7 17. Qd2 a6 18. c3 dxc3 19. Bxc3 axb5 20. axb5 Rxa1 21. Rxa1 Bb6 22. Kh1 Bd7 23. Qb2 Bc7 24. f5 Nf4 25. Nxf4 Bxf4 26. g5 Nh5 27. Bxg7 Rg8 28. Be5 Bxg5 29. Nxg5 Rxg5 30. Bd6 f6 31. Ra7 Qb6 32. Ra8+ Kf7 33. fxe6+ Bxe6 34. e5 Kg6 35. Re8 Qa5 36. Qf2 Ng3+ 37. Kh2 Rf5 38. Be4 Nxe4 39. Qg2+ Ng3 40. Rxe6 Qxb5 41. exf6 Qxd3 42. Bxg3 hxg3+ 43. Qxg3+ Qxg3+ 44. Kxg3 Rxf6 45. Re5 Rc6 46. Kf3 b6 47. Ke2 Rd6 48. h4 Kf6 49. Rh5 Ke6 50. Rh7 Kd5 51. Kd3 Kc6+ 52. Kc3 Rg6 53. Kd3 Kb5 54. Rf7 Rg3+ 55. Ke4 Rh3 56. Rf4 c4 57. Kd4 Rd3+ 58. Ke4 Rd1 59. Rf2 Rh1 60. Kd4 Rxh4+ 61. Kc3 Rh3+ 62. Kb2 Kb4 63. Rg2 b5 64. Rf2 Rb3+ 65. Kc2 Ra3 66. Kb2 Rg3 67. Rh2 Ka4 68. Rh8 Rf3 69. Rh7 Kb4 70. Rh2 Rb3+ 71. Kc2 Ra3 72. Kb2 c3+ 73. Kb1 Ra7 74. Rh5 Kc4 75. Rh4+ Kb3 76. Rh3 Rg7 77. Rh1 Rg2 78. Rf1 Rb2+ 0-1

[Event "CUB Ch"]
[Site "Matanzas City CUB"]
[Date "1994.??.??"]
[Round "11"]
[White "Rodriguez, Pedro"]
[Black "Elissalt Cardenas, Hector"]
[Result "0-1"]
[WhiteElo "2320"]
[BlackElo "2415"]
[PlyCount "58"]
[EventDate "1994.??.??"]
[Source "www.chesslib.no"]
[SourceDate "2004.05.04"]

1. e4 e6 2. Nc3 d5 3. Nf3 Bb4 4. e5 Bxc3 5. dxc3 c5 6. Bd3 Nc6 7. O-O Nge7 8. Bg5 h6 9. Bxe7 Qxe7 10. c4 Bd7 11. a3 O-O-O 12. Qe2 g5 13. c3 g4 14. Nd2 Rhg8 15. b4 f6 16. Nb3 Nxe5 17. Nxc5 Bc6 18. cxd5 Bxd5 19. Be4 Bc4 20. Qe3 b6 21. Na4 Bxf1 22. Rxf1 Qd6 23. Bc2 Nf3+ 24. gxf3 gxf3+ 25. Kh1 Rg2 26. Qxh6 Rxf2 27. Rg1 Rxc2 28. Qh7 Qc6 29. Nxb6+ axb6 0-1

[Event "BCF Ch"]
[Site "Clacton on Sea"]
[Date "1974.08.12"]
[Round "7"]
[White "Bellin, Robert"]
[Black "Webb, Simon"]
[Result "1/2-1/2"]
[WhiteElo "2355"]
[BlackElo "2380"]
[PlyCount "131"]
[EventDate "1974.08.??"]
[Source "www.chesslib.no"]
[SourceDate "2004.05.04"]

1. e4 e6 2. Nc3 d5 3. Nf3 d4 4. Ne2 c5 5. b4 Nf6 6. e5 Nfd7 7. bxc5 Bxc5 8. Nexd4 Nxe5 9. Nb3 Bd6 10. Nxe5 Bxe5 11. d4 Bf6 12. Ba3 Nc6 13. Bb5 Bd7 14. O-O Ne7 15. Qe2 O-O 16. Bxd7 Qxd7 17. Nc5 Qc7 18. Ne4 Rfd8 19. Nxf6+ gxf6 20. Rad1 Ng6 21. c4 Rac8 22. d5 Qxc4 23. Qxc4 Rxc4 24. dxe6 Rxd1 25. Rxd1 fxe6 26. Rd8+ Kf7 27. Rd7+ Ke8 28. Rxb7 Ra4 29. Bc5 a5 30. Rxh7 Rxa2 31. h4 Rc2 32. Be3 a4 33. h5 Ne7 34. Rh8+ Kf7 35. Ra8 Rc4 36. Ra7 a3 37. g3 Rc8 38. Rxa3 Rh8 39. g4 Rg8 40. f3 f5 41. g5 e5 42. Ra7 f4 43. Bc5 Rxg5+ 44. Kf2 Rxh5 45. Rxe7+ Kf6 46. Re8 Rh2+ 47. Ke1 Rb2 48. Rc8 Kf5 49. Bf2 Rb3 50. Ke2 Rb2+ 51. Kf1 Rb3 52. Kg2 Rb2 53. Rc4 Ra2 54. Re4 Rb2 55. Ra4 Rc2 56. Kf1 Rc3 57. Kg2 Rc2 58. Re4 Rb2 59. Rc4 Ra2 60. Rc5 Rb2 61. Kf1 Rb3 62. Kg2 Rb2 63. Rc3 Rb5 64. Be1 e4 65. fxe4+ Kxe4 66. Rc4+ 1/2-1/2

[Event "Toronto Casa Loma Open"]
[Site "Toronto CAN"]
[Date "1994.??.??"]
[Round "2"]
[White "Johnstone, Glenn"]
[Black "Hergott, Deen"]
[Result "0-1"]
[WhiteElo "2305"]
[BlackElo "2430"]
[PlyCount "43"]
[EventDate "1994.??.??"]
[Source "www.chesslib.no"]
[SourceDate "2004.05.04"]

1. e4 e6 2. Nc3 d5 3. d3 Nf6 4. Bg5 h6 5. Bxf6 Qxf6 6. Nf3 dxe4 7. dxe4 Bb4 8. e5 Bxc3+ 9. bxc3 Qe7 10. Qd4 Nc6 11. Qe4 Qc5 12. Bd3 Qxc3+ 13. Ke2 b6 14. Rab1 Bb7 15. Rb3 Qc5 16. Qf4 O-O-O 17. Re1 Kb8 18. Kf1 Nd4 19. Nxd4 Rxd4 20. Qg3 g5 21. h3 Rf4 22. Re2 0-1

[Event "Chigorin mem"]
[Site "?"]
[Date "2000.11.10"]
[Round "9"]
[White "Chuprov Dmitry"]
[Black "Grishanovich Stanislav"]
[Result "1-0"]
[WhiteElo "2424"]
[BlackElo "2310"]
[PlyCount "79"]
[EventDate "2000.??.??"]
[Source "www.chesslib.no"]
[SourceDate "2004.05.04"]

1. e4 e6 2. Nc3 d5 3. Nf3 Nf6 4. e5 Nfd7 5. Ne2 c5 6. c3 Nc6 7. d4 cxd4 8. cxd4 Qb6 9. Nc3 Be7 10. Bb5 a6 11. Bxc6 bxc6 12. O-O a5 13. Na4 Qa7 14. Bg5 Bxg5 15. Nxg5 h6 16. Nf3 Ba6 17. Re1 O-O 18. Rc1 Bb5 19. Nc5 a4 20. b3 axb3 21. axb3 Qc7 22. Ra1 Nb6 23. Qd2 Ra7 24. Qc3 Rfa8 25. Rec1 Ra2 26. Ne1 Nd7 27. Rxa2 Rxa2 28. Ra1 Rxa1 29. Qxa1 Nxc5 30. dxc5 Qe7 31. Qc3 Qh4 32. Nf3 Qe4 33. h3 Kf8 34. Nd4 Qb1+ 35. Kh2 Qf1 36. Qa5 Kg8 37. Qd2 Qa1 38. Kg3 Kf8 39. Qb4 Qa6 40. f4 1-0

[Event "XIX Czech Chladek & Tintera A Open"]
[Site "Pardubice CEC"]
[Date "2008.07.18"]
[Round "1"]
[White "Llaneza Vega, M."]
[Black "Brokken, D."]
[Result "1-0"]
[WhiteElo "2468"]
[BlackElo "2266"]
[PlyCount "73"]
[EventDate "2008.07.18"]
[Source "www.chesslib.no"]
[SourceDate "2004.05.04"]

1. e4 e6 2. Nc3 d5 3. Nf3 Nf6 4. e5 Nfd7 5. d4 Be7 6. Bd3 c5 7. dxc5 Nxc5 8. Bb5+ Nc6 9. O-O a6 10. Bxc6+ bxc6 11. Nd4 Bb7 12. Qg4 g6 13. Bh6 Bf8 14. Bxf8 Kxf8 15. Rad1 Nd7 16. Nxe6+ fxe6 17. Qb4+ c5 18. Qxb7 Qc8 19. Qxc8+ Rxc8 20. Rfe1 Ke7 21. Rd3 Rb8 22. b3 Rbf8 23. Na4 Rf5 24. Rde3 Rhf8 25. R1e2 h5 26. Nb2 g5 27. c4 d4 28. Re4 a5 29. Kf1 Rg8 30. Ke1 Kd8 31. Kd1 Kc7 32. Kc2 Kc6 33. Nd3 Nf8 34. a3 Rf7 35. h4 gxh4 36. Rxh4 Rfg7 37. g3 1-0